| 000 | 00657nam a22001937a 4500 | ||
|---|---|---|---|
| 999 |
_c263995 _d263994 |
||
| 003 | OSt | ||
| 005 | 20240624114213.0 | ||
| 008 | 240624b xxu||||| |||| 00| 0 eng d | ||
| 010 | _a2010305730 | ||
| 020 | _a 9789966767202 (v. 1A) | ||
| 040 | _cDLC | ||
| 050 |
_aHA4693 _b .A4 2010 |
||
| 110 | _aKenya National bureau of Statistics | ||
| 245 |
_aThe 2009 Kenya population and housing census / _bRepublic of Kenya. |
||
| 260 |
_a Nairobi _bKenya National Bureau of Statistics, _c [2010]-[2012] |
||
| 500 | _a"Counting our people for the implementation of vision 2030." | ||
| 505 | _a Population distribution by administrative units | ||
| 942 |
_2lcc _cJN |
||